Indice fructificidad de chirimoyos en variedad concha lisa
Na minha lista:
| Autor principal: | |
|---|---|
| Outros Autores: | |
| Formato: | Livro |
| Idioma: | espanhol |
| Publicado em: |
Valparaíso
Universidad Católica de Valparaíso
1999
|
| Assuntos: | |
| Tags: |
Adicionar Tag
Sem tags, seja o primeiro a adicionar uma tag!
|
MARC
| LEADER | 00000nam a2200000 a 4500 | ||
|---|---|---|---|
| 001 | UCO0110 | ||
| 003 | CL-VaPUC | ||
| 008 | 000407e19990000CL |||||||||||||||||spa|d | ||
| 082 | 0 | 4 | |a 634.41 |b LLA |2 21 |
| 100 | |a Llach Fernández, Lorena |e autora |9 801111 | ||
| 700 | |a Osorio Gillibrand, Danitza |e autora |9 796245 | ||
| 245 | 1 | 0 | |a Indice fructificidad de chirimoyos en variedad concha lisa |
| 300 | |a 67 p | ||
| 942 | |c BK | ||
| 945 | |d 20000407 00:00:00 |a vberengu | ||
| 260 | |a Valparaíso |b Universidad Católica de Valparaíso |c 1999 | ||
| 500 | |a Taller de Estadística; prof. guía: Renato Allende Olivares; Jorge Galbiati Riesco | ||
| 650 | 0 | |a Análisis estadístico |9 269506 | |
| 650 | 0 | |a Chirimoya (Annona cherimola Mill) |9 441119 | |
| 650 | 7 | |a DISEÑO ESTADISTICO |2 CL-VaPUC |9 324713 | |
| 650 | 0 | |a Productividad |9 335972 | |
| 583 | |a last modification |c 20130403 01:51:30 |k Rodrigo Vera | ||
| 999 | |c 286828 |d 286826 | ||
| 952 | |0 0 |1 0 |2 ddc |4 0 |6 634_410000000000000_LLA_1999 |7 0 |8 T |9 333015 |a BIBGIM |b BIBGIM |d 2019-11-20 |i 3605728 |o 634.41 LLA 1999 |p 3605728 |r 2019-11-20 |w 2019-11-20 |y BK_F |k EST | ||